The Mechatronics Handbook : Mechatronic System Control, Logic, and Data Acquisition

Saved in:
Bibliographic Details
Main Author: Bishop, Robert H (Author)
Format: Book
Language:English
Published: Boca Raton : CRC Press, 2008
Edition:Second Edition
Tags: Add Tag
No Tags, Be the first to tag this record!

MARC

LEADER 00000nam a22000003a 4500
001 0027092
003 SK-STU
005 20171018102203.9
007 ta
008 171018s ----xo-----e------000-0-----d
020 |a 978-0-8493-9260-3 
040 |a STU  |b slo 
041 0 |a eng 
044 |a xxu 
080 |a 621.39 
100 1 |a Bishop, Robert H  |4 aut 
245 1 0 |a The Mechatronics Handbook : Mechatronic System Control, Logic, and Data Acquisition  |c aut. Robert H Bishop 
250 |a Second Edition 
260 |a Boca Raton :  |b CRC Press,  |c 2008 
996 |b 284EK89878  |c E* 89878  |l EE30  |s P  |a 0  |w 0027092_0001